000 nam a22 4500
999 _c8930
_d8930
008 180320b ||||| |||| 00| 0 eng d
245 _aRepublic cement reforests 700 hectares.
260 _aPhilippines
_bManila Bulletin
_cc2016
300 _apage B-8.
650 0 _926945
_aEnvironmental movement.
942 _2ddc
_cPER